000 00736nam a22001697a 4500
999 _c11827
_d11827
008 190108b ||||| |||| 00| 0 eng d
020 _a978-621-409-087-7
082 _22017
_aDFil 499.211
_bM842
100 _aMortera, Melvin Orio
_933674
245 _aTulay sa pagbasa at pagsusuri ng iba't-ibang teksto tungo sa pananaliksik:
_bIkalawa sa serye ng materyal sa programang k-12 (may panulay sa ika-21 siglong pagkatuto at sa college readiness standards) /
_cMelvin Orio Mortera
260 _aMandaluyong City, Philippines :
_bBooks Atbp. Publishing Corp.,
_c©2017.
300 _axii, 129 pages ;
_c23 cm
500 _aMay kalakip na talasangunian
650 _aReading (Filipino)
_933675
365 _b400.00
_cPhp.
942 _2ddc
_cDFIL